1705 1000 1215 1362 1294 1860 1433 1914 1528 1715 1648 1301 1860 1090 1584 1185 1518 1193 1731 1797 1054 1417 1278 1771 1278 1246 1306 1169 1553 1512 1067 1426 1883 1318 1175 1638 1772 1718 1386 1857 1974 1591 1650 1445 1020 1340 1655 1674 1387 1152 1107 1792 1846 1930 1999 1898 1889 1252 1249 1742 1655 1358 1850 1848 1024 1799 1790 1011 1100 1868 1727 1071 1252 1154 1020 1772 1979 1985 1161 1064 1832 1318 1454 1257 1270 1653 1889 1612 1046 1643 1662 1742 1545 1468 1558 1893 1396 1011 1539 BCNSPRNW ULIB Ver.6.0+V

เปลี่ยนเป็นภาษาไทย

Change to English
 แสดงรายละเอียดบรรณานุกรม
  กลับหน้าหลัก

Brief Record : Get Marc (ISO 2709) : E-mail record : QR code < ปิดหน้าต่าง
LEADER : 00000nam 2200000uu 4500
001    13399122177
003     ULIB
008    130108s2011||||th 000 0 tha d
020    ^a9780521734585
050  4 ^aPE1131^bR312f
100 1  ^aRedston, Chris.
245 10 ^aFace2face ^nElementtary students book with cd-rom/audio cd A1 &A2 / ^cChris Redston, Gillie Cunningham.
250    ^a5th ed
260    ^a[S.l.] : ^bCambridge University Press, ^c2011.
300    ^a160 p. ; ^c28 cm.
650  0 ^aEnglish--Use
700 1  ^aCunningham, Gillie.
945    ^p359^l0^i033384
995    ^aKesorn
999 ^a ใช้งานได้ทุกระบบ
รายการนี้ยังไม่มีแท็ก
คุณยังไม่ได้ล็อกอิน คุณสามารถมีกิจกรรมร่วมกับเว็บไซต์ได้ แต่ต้องล็อกอินก่อน ::
  ล็อกอิน

รายการสื่อสารสนเทศ

ลำดับที่ ประเภท เลขเรียก/บาร์โค้ด สถานที่ สถานะ
1. การศึกษาทั่วไป
การศึกษาทั่วไป
PE1131 R312f  
  Barcode: 033384
ห้องสมุดวิทยาเขตสวรรค์ประชารักษ์
►หนังสือทั่วไป
บนชั้น

รายการใกล้เคียง
    ผู้แต่ง [Redston, Chris.]

    หัวเรื่อง [English--Use]

BibComment


ยังไม่เคยถูกคอมเมนท์

คอมเมนท์ทรัพยากรรายการนี้
  คอมเมนท์: Face2face Eleme..


 Copyright 2026. Bcnsprnw @Library